5 biggest cities by US state - Statistics

General Stats
  • This quiz has been taken 2,423 times
    2,418 since last reset
  • The average score is 129 of 250
Answer Stats
Hint Answer % Correct
CA Los Angeles
95%
AZ Phoenix
94%
San Diego
94%
San Francisco
94%
CO Denver
93%
Miami
93%
MS Jackson
92%
AK Anchorage
90%
GA Atlanta
90%
AL Birmingham
90%
IL Chicago
90%
NV Las Vegas
90%
AR Little Rock
90%
Orlando
90%
HI Honolulu
89%
FL Jacksonville
89%
| MO Kansas City
89%
Tampa
89%
Dallas
88%
IN Indianapolis
88%
ME | OR Portland
88%
TX Houston
87%
NY New York City
87%
San Jose
87%
Austin
86%
ID Boise
86%
| OH Columbus
86%
Montgomery
86%
LA New Orleans
86%
OK Oklahoma City
86%
Cleveland
85%
MI Detroit
85%
Juneau
85%
Nashville
85%
PA Philadelphia
85%
UT Salt Lake City
85%
NC Charlotte
84%
Colorado Springs
84%
IA Des Moines
84%
TN Memphis
84%
San Antonio
84%
WA Seattle
84%
MD Baltimore
83%
MA Boston
83%
Buffalo
83%
MN Minneapolis
83%
Tucson
83%
Baton Rouge
82%
KY Louisville
82%
Pittsburgh
82%
NE Omaha
81%
RI Providence
81%
Raleigh
81%
Springfield
81%
NM Albuquerque
80%
Hartford
80%
| WV Charleston
79%
| NJ Newark
79%
Lincoln
78%
WI Milwaukee
78%
Reno
78%
Richmond
78%
St. Louis
78%
St. Paul
78%
Mobile
77%
Santa Fe
77%
Tulsa
77%
KS Wichita
77%
Cincinnati
76%
Dover
76%
Salem
76%
Augusta
75%
Fort Worth
75%
VA Virginia Beach
75%
WY Cheyenne
74%
| SC Columbia
74%
Madison
73%
Fairbanks
72%
Fresno
71%
Mesa
71%
Rochester
71%
Jersey City
70%
ND Fargo
69%
Lexington
69%
SD Sioux Falls
69%
Topeka
69%
Savannah
68%
Toledo
68%
MT Billings
67%
Grand Rapids
65%
Aurora
64%
Bismarck
64%
Concord
64%
DE Wilmington
64%
New Haven
63%
Knoxville
62%
NH Manchester
62%
Akron
61%
Fort Wayne
61%
Spokane
61%
Syracuse
61%
CT Bridgeport
60%
Green Bay
59%
St. Petersburg
59%
VT Burlington
57%
Greensboro
57%
North Las Vegas
57%
Durham
56%
Eugene
56%
Huntsville
56%
Provo
56%
Tacoma
55%
Norfolk
53%
Henderson
52%
Cedar Rapids
51%
Chattanooga
51%
Shreveport
51%
Yonkers
51%
Fayetteville
50%
Duluth
48%
Hilo
48%
Sioux City
48%
Ann Arbor
47%
Athens
47%
Erie
46%
Las Cruces
46%
Idaho Falls
45%
Lafayette
45%
Worcester
45%
Bangor
44%
Casper
44%
Fort Collins
44%
Glendale
44%
Tuscaloosa
44%
South Bend
43%
Winston-Salem
43%
Chandler
42%
Missoula
42%
Allentown
41%
Rapid City
39%
Bozeman
38%
Chesapeake
38%
Stamford
38%
Vancouver
38%
Biloxi
37%
Davenport
37%
Overland Park
37%
Rockford
37%
Cambridge
36%
Fort Smith
36%
Newport News
35%
Evansville
34%
Joliet
34%
Norman
34%
Gulfport
33%
Butte
32%
Elizabeth
32%
Naperville
32%
Bellevue
31%
Bloomington
31%
Nampa
31%
Broken Arrow
30%
Great Falls
30%
Nashua
30%
Bowling Green
29%
Roswell
29%
Grand Forks
28%
Laramie
28%
Clarksville
27%
Huntington
27%
Kenosha
27%
Morgantown
27%
Pocatello
27%
Sitka
27%
Warwick
27%
North Charleston
26%
West Valley City
26%
Paterson
25%
Independence
23%
Lakewood
23%
Lowell
23%
Meridian
23%
Jonesboro
22%
Olathe
22%
Reading
22%
Warren
22%
Waterbury
22%
Lake Charles
21%
Lewiston
21%
Minot
21%
Grand Island
20%
South Burlington
20%
West Jordan
20%
Hattiesburg
19%
Ketchikan
19%
Orem
19%
Racine
19%
Rio Rancho
19%
Sparks
19%
Wheeling
19%
Owensboro
18%
Auburn
17%
Gillette
17%
Sterling Heights
17%
Aberdeen
16%
East Providence
16%
Pawtucket
16%
Carmel
15%
Cranston
15%
Gresham
15%
Hillsboro
15%
South Portland
15%
Edison
14%
Kearney
14%
Springdale
14%
Waterloo
14%
Essex
13%
Rutland
13%
West Fargo
13%
Kailua
12%
Lawton
12%
Parkersburg
12%
Rock Springs
12%
Southaven
11%
Covington
10%
Middletown
10%
Silver Spring
10%
Mount Pleasant
9%
Smyrna
9%
Watertown
9%
Brookings
8%
Rock Hill
8%
Germantown
7%
Kaneohe
6%
Derry
5%
Colchester
4%
Waldorf
4%
Kapolei
3%
No matching quizzes found
Score Distribution
Percent of People with Each Score
Percentile by Number Answered
Your Score History
You have not taken this quiz since the last reset